Pokemon all Ice Types - Statistics

General Stats
  • This quiz has been taken 7 times
  • The average score is 40 of 59
Answer Stats
Types # Pokemon % Correct
Ice/ Flying 144 Articuno
100%
Water/ Ice 87 Dewgong
100%
Grass/ Ice 460 Abomasnow
83%
Grass/ Ice 460 Abomasnow Mega
83%
Ice/ Psychic 124 Jynx
83%
Water/ Ice 131 Lapras
83%
Ice 378 Regice
83%
Ice/ Steel 27 Sandshrew Alolan
83%
Ice/ Steel 28 Sandslash Alolan
83%
Ice/ Psychic 238 Smoochum
83%
Ice 361 Snorunt
83%
Grass/ Ice 459 Snover
83%
Water/ Ice 883 Arctovish
67%
Electric/ Ice 881 Arctozolt
67%
Ice 614 Beartic
67%
Water/ Ice 91 Cloyster
67%
Fighting/ Ice 740 Crabominable
67%
Ice 615 Cryogonal
67%
Ice 613 Cubchoo
67%
Ice 555 Darmanitan Galarian
67%
Ice/ Fire 555 Darmanitan Galarian Zen
67%
Ice 554 Darumaka Galarian
67%
Ice/ Flying 225 Delibird
67%
Ice 875 Eiscue
67%
Ice/ Ghost 478 Froslass
67%
Ice 471 Glaceon
67%
Ice 362 Glalie
67%
Ice 362 Glalie Mega
67%
Dragon/ Ice 646 Kyurem
67%
Dragon/ Ice 646 Kyurem Black
67%
Dragon/ Ice 646 Kyurem White
67%
Ice/ Ground 473 Mamoswine
67%
Ice/ Psychic 122 Mr Mime Galarian
67%
Ice/ Fairy 38 Ninetales Alolan
67%
Ice/ Ground 221 Piloswine
67%
Electric/ Ice 479 Rotom Frost
67%
Ice/ Water 364 Sealeo
67%
Dark/ Ice 215 Sneasel
67%
Ice/ Bug 872 Snom
67%
Ice/ Water 363 Spheal
67%
Ice/ Ground 220 Swinub
67%
Ice 583 Vanillish
67%
Ice 582 Vanillite
67%
Ice 584 Vanilluxe
67%
Ice 37 Vulpix Alolan
67%
Ice/ Water 365 Walrein
67%
Dark/ Ice 461 Weavile
67%
Rock/ Ice 698 Amaura
50%
Ice 493 Arceus
50%
Rock/ Ice 699 Aurorus
50%
Ice 713 Avalugg
50%
Ice/ Rock 713 Avalugg Hisuan
50%
Ice 712 Bergmite
50%
Psychic/ Ice 898 Calyrex Ice Rider
50%
Ice 351 Castform
50%
Ice/ Bug 873 Frosmoth
50%
Ice 896 Glastrier
50%
Ice/ Psychic 866 Mr Rime
50%
Ice 773 Silvally
50%
No matching quizzes found
Score Distribution
Percent of People with Each Score
Percentile by Number Answered
Your Score History
You have not taken this quiz